Statistiques concernant Easy test one piece

Cliquez ici pour prendre le quiz!

Statistiques générales

  • Ce quiz a été pris 53 fois
  • Le résultat moyen est 10 sur 15

Statistiques - réponses

QuestionRéponse% Correct
Qui est le officiellement le 3ème mugiwaras sans compter luffy ?sanji
98%
A qui le chapeau de paille appartenait a l'origine ?Rogers
95%
Contre qui luffy obtient sa premiere prime ?Arlong
83%
Qui est le deuxième grand corsaire a affronter luffy ?Crocodile
81%
Qui séparent les mugiwaras a sabaody ?Kuma
76%
Qui était le fidèle compagnon de Brook ?laboon
71%
Combien de prélats il y'a a skypiea ?4
69%
Qui est le premier membre du CP9 qui se fait battre par luffy ?Blueno
69%
Qui zoro rencontre t-il suite a cet evenement ?Mihawk
67%
Ou est ce que les mugiwaras rencontrent Brook ?Thriller bark
67%
Quelle était sa prime ? (suite de la question précédente)30 millions
64%
Contre quel mugiwaras hody sa fait presque battre sous l'eau ?Zoro
60%
Comment s'appel les géants que luffy rencontre en allant a Alabasta ?Dorry et broggy
57%
Quel est l'arc qui suit l'île des hommes poissons ?Punk hazard
50%
Qui attaque luffy avant qu'ils n'arrivent a water seven ?Aokiji
33%

Distribution des résultats

Percentile par nombre de réponses

% des personnes avec chaque résultat

Votre développement - résultats

Vous n’avez pas pris ce quiz